<?xml version="1.0" encoding="UTF-8"?><marc:collection xmlns:marc="http://www.loc.gov/MARC21/slim">
  <marc:record>
    <marc:leader>00000nam##2200000za#4500</marc:leader>
    <marc:controlfield tag="001">9.572332</marc:controlfield>
    <marc:controlfield tag="003">CaOODSP</marc:controlfield>
    <marc:controlfield tag="005">20210624183152</marc:controlfield>
    <marc:controlfield tag="007">cr |||||||||||</marc:controlfield>
    <marc:controlfield tag="008">150406|1996||||xxc|||||o    f|0| 0 eng|d</marc:controlfield>
    <marc:datafield tag="040" ind1=" " ind2=" ">
      <marc:subfield code="a">CaOODSP</marc:subfield>
      <marc:subfield code="b">eng</marc:subfield>
    </marc:datafield>
    <marc:datafield tag="043" ind1=" " ind2=" ">
      <marc:subfield code="a">n-cn---</marc:subfield>
    </marc:datafield>
    <marc:datafield tag="086" ind1="1" ind2=" ">
      <marc:subfield code="a">F21-4/96-1E-PDF</marc:subfield>
    </marc:datafield>
    <marc:datafield tag="110" ind1="1" ind2=" ">
      <marc:subfield code="a">Canada. </marc:subfield>
      <marc:subfield code="b">Department of Finance.</marc:subfield>
    </marc:datafield>
    <marc:datafield tag="245" ind1="1" ind2="0">
      <marc:subfield code="a">Comparison and assessment of the tax treatment of foreign-source income in Canada, Australia, France, Germany and the United States / </marc:subfield>
      <marc:subfield code="h">[electronic resource]</marc:subfield>
      <marc:subfield code="c">[by] Brian J. Arnold, Jinyan Li and Daniel Sandler ; prepared for the Technical Committee on Business Taxation. </marc:subfield>
    </marc:datafield>
    <marc:datafield tag="260" ind1=" " ind2=" ">
      <marc:subfield code="a">Ottawa - Ontario : </marc:subfield>
      <marc:subfield code="b">Finance Canada </marc:subfield>
      <marc:subfield code="c">December 1996.</marc:subfield>
    </marc:datafield>
    <marc:datafield tag="300" ind1=" " ind2=" ">
      <marc:subfield code="a">57p.</marc:subfield>
      <marc:subfield code="b">tables</marc:subfield>
    </marc:datafield>
    <marc:datafield tag="490" ind1="1" ind2=" ">
      <marc:subfield code="a">Working paper</marc:subfield>
      <marc:subfield code="v">96-1</marc:subfield>
    </marc:datafield>
    <marc:datafield tag="500" ind1=" " ind2=" ">
      <marc:subfield code="a">"This report deals with selected aspects of the tax treatment of foreign-source income in Canada, Australia, France, Germany and the United States. It does not attempt to be comprehensive. It emphasizes the structural features of each country's tax system with respect to the taxation of foreign-source income derived by resident corporations. In particular, the report focuses on the taxation of dividends from foreign corporations, controlled foreign corporation (CFC) rules, foreign investment fund rules, and source of income and expense rules. The description of each countries tax law follows a standard format to facilitate comparisons."--Abstract.</marc:subfield>
    </marc:datafield>
    <marc:datafield tag="520" ind1="3" ind2=" ">
      <marc:subfield code="a">This report deals with selected aspects of the tax treatment of foreign-source income in Canada, Australia, France, Germany and the United States. It does not attempt to be comprehensive. It emphasizes the structural features of each country's tax system with respect to the taxation of foreign-source income derived by resident corporations. In particular, the report focuses on the taxation of dividends from foreign corporations, controlled foreign corporation (CFC) rules, foreign investment fund rules, and source of income and expense rules. The description of each countries tax law follows a standard format to facilitate comparisons.--Abstract</marc:subfield>
    </marc:datafield>
    <marc:datafield tag="590" ind1=" " ind2=" ">
      <marc:subfield code="a">11-30-Supp</marc:subfield>
      <marc:subfield code="b">2011-12-02</marc:subfield>
    </marc:datafield>
    <marc:datafield tag="690" ind1="0" ind2="7">
      <marc:subfield code="a">Taxes</marc:subfield>
      <marc:subfield code="2">gcpds</marc:subfield>
    </marc:datafield>
    <marc:datafield tag="720" ind1="1" ind2=" ">
      <marc:subfield code="a">Arnold, Brian J.</marc:subfield>
    </marc:datafield>
    <marc:datafield tag="720" ind1="1" ind2=" ">
      <marc:subfield code="a">Li, Jinyan</marc:subfield>
    </marc:datafield>
    <marc:datafield tag="720" ind1="1" ind2=" ">
      <marc:subfield code="a">Sandler, Daniel</marc:subfield>
    </marc:datafield>
    <marc:datafield tag="775" ind1="0" ind2="8">
      <marc:subfield code="t">Comparaison et évaluation du régime fiscal applicable au revenu de provenance étrangère au Canada, en Australie, en France, en Allemagne et aux États-Unis / </marc:subfield>
      <marc:subfield code="w">(CaOODSP)9.602709</marc:subfield>
    </marc:datafield>
    <marc:datafield tag="776" ind1="0" ind2="#">
      <marc:subfield code="t">Comparison and assessment of the tax treatment of foreign-source income in Canada, Australia, France, Germany, and the United States / </marc:subfield>
      <marc:subfield code="w">(CaOODSP)9.613802</marc:subfield>
    </marc:datafield>
    <marc:datafield tag="830" ind1="#" ind2="0">
      <marc:subfield code="a">Working paper ;</marc:subfield>
      <marc:subfield code="v">96-1</marc:subfield>
      <marc:subfield code="w">(CaOODSP)9.506727</marc:subfield>
    </marc:datafield>
    <marc:datafield tag="856" ind1="4" ind2="0">
      <marc:subfield code="a">http://publications.gc.ca</marc:subfield>
      <marc:subfield code="q">PDF</marc:subfield>
      <marc:subfield code="s">169 KB</marc:subfield>
      <marc:subfield code="u">https://publications.gc.ca/collections/Collection/F21-4-96-1E.pdf</marc:subfield>
      <marc:subfield code="y">96-1</marc:subfield>
    </marc:datafield>
  </marc:record>
</marc:collection>
